The Indian economy (Record no. 163)
[ view plain ]
| 000 -LEADER | |
|---|---|
| fixed length control field | 00909 a2200241 4500 |
| 005 - DATE AND TIME OF LATEST TRANSACTION | |
| control field | 20080819123836.0 |
| 010 ## - LCCN (DPL NO) | |
| LC control number | ENG-84722 |
| 020 ## - INTERNATIONAL STANDARD BOOK NUMBER | |
| International Standard Book Number | 8180544923 |
| Terms of availability | 325.00 |
| 035 ## - SYSTEM CONTROL NUMBER | |
| System control number | EN-68255 |
| 037 ## - SOURCE OF ACQUISITION | |
| Source of stock number/acquisition | D.B.Act / Pub |
| 082 ## - DEWEY DECIMAL CLASSIFICATION NUMBER | |
| Classification number | 330.954 |
| 100 ## - MAIN ENTRY--PERSONAL NAME | |
| Personal name | Dhingra, Ishwar C. |
| 245 ## - TITLE STATEMENT | |
| Title | The Indian economy |
| Remainder of title | environment and policy |
| Statement of responsibility, etc | by Ishwar C. Dhingra |
| 250 ## - EDITION STATEMENT | |
| Edition statement | 21th rev. ed |
| 260 ## - PUBLICATION, DISTRIBUTION, ETC. (IMPRINT) | |
| Place of publication, distribution, etc | New Delhi |
| Name of publisher, distributor, etc | Sultan Chand and Sons |
| Date of publication, distribution, etc | 2006 |
| 270 ## - ADDRESS | |
| Address | 23, Darya Ganj, |
| City | New Delhi |
| State or province | Delhi |
| Postal code | 110002 |
| Telephone number | 23266105 |
| Fax number | 23266357 |
| 300 ## - PHYSICAL DESCRIPTION | |
| Extent | xviii, 767p. |
| Dimensions | 24 cm (Pbk) |
| 650 ## - SUBJECT ADDED ENTRY--TOPICAL TERM | |
| Topical term or geographic name as entry element | Economic conditions |
| Geographic subdivision | India |
| 650 ## - SUBJECT ADDED ENTRY--TOPICAL TERM | |
| Topical term or geographic name as entry element | Economic environment |
| Geographic subdivision | India |
| 942 ## - ADDED ENTRY ELEMENTS (KOHA) | |
| Institution code [OBSOLETE] | dpl |
| Item type | English Books |
| Call number prefix | 330.954 / DHI |
| Source of classification or shelving scheme | Dewey Decimal Classification |
| Classification part | 330.954 |
| Call number suffix | DHI |
| Withdrawn status | Lost status | Not for loan | Home library | Current library | Date acquired | Cost, normal purchase price | Full call number | Barcode | Copy number | Cost, replacement price | Koha item type |
|---|---|---|---|---|---|---|---|---|---|---|---|
| D.B.Act.Division | D.B.Act.Division | 19/08/2008 | 325.00 | 330.954 DHI | EN-68255 | 1 | 325.00 | English Books |
